[Event "Wiesbaden op 31st"]
[Site "Wiesbaden"]
[Date "2019.08.25"]
[Round "6"]
[White "Bjoerknes, Uwe"]
[Black "Haack, Kevin"]
[Result "0-1"]
[WhiteElo "1825"]
[BlackElo "2031"]
[PlyCount "37"]
[EventDate "2019.08.22"]
[EventType "swiss"]
[EventRounds "7"]
[EventCountry "GER"]
[SourceTitle "EXT 2020"]
[Source "ChessBase"]
[SourceDate "2019.10.17"]
[SourceVersion "1"]
[SourceVersionDate "2019.10.17"]
[SourceQuality "1"]

1. d4 d5 2. c4 e6 3. g3 Nf6 4. Bg2 Be7 5. Nf3 0-0 6. 0-0 c6 7. Qb3 b6 8. cxd5 exd5 9. Ne5 Bb7 10. Be3 Nbd7 11. Rd1 Qc7 12. Bf4 Bd6 13. Nxd7 Qxd7 14. Bxd6 Qxd6 15. Nc3 Rfe8 16. Rac1 Rad8 17. Qa4 Qc7 18. e3 Bc8 19. Nb5 0-1

[Event "Eschborn op"]
[Site "Eschborn"]
[Date "2019.08.17"]
[Round "3.31"]
[White "Heun, Andreas"]
[Black "Bjoerknes, Uwe"]
[Result "1/2-1/2"]
[WhiteElo "1566"]
[BlackElo "1701"]
[PlyCount "78"]
[EventDate "2019.08.16"]
[EventType "swiss"]
[EventRounds "5"]
[EventCountry "GER"]
[SourceTitle "EXT 2024"]
[Source "ChessBase"]
[SourceDate "2023.10.10"]
[SourceVersion "1"]
[SourceVersionDate "2023.10.10"]
[SourceQuality "1"]

1. d4 Nf6 2. Bf4 c5 3. d5 Qb6 4. Nc3 Qxb2 5. Bd2 Qb6 6. e4 d6 7. f4 Bg4 8. Nf3 a6 9. Rb1 Qc7 10. a4 Nbd7 11. Be2 g6 12. 0-0 Bg7 13. e5 dxe5 14. fxe5 Nh5 15. e6 fxe6 16. Ng5 Bxe2 17. Qxe2 Bd4+ 18. Kh1 exd5 19. Nxd5 Qe5 20. Qxe5 Bxe5 21. Nf7 Rf8 22. Nxe5 Nxe5 23. Rxf8+ Kxf8 24. Bh6+ Ng7 25. Rxb7 Rd8 26. Bxg7+ Kxg7 27. Rxe7+ Nf7 28. c4 Rb8 29. h3 Kf8 30. Ra7 Rb1+ 31. Kh2 Rc1 32. Nb6 Nd6 33. Nd7+ Ke8 34. Nxc5 Rxc4 35. Nxa6 Nc8 36. Rxh7 Rxa4 37. Rh8+ Ke7 38. Rxc8 Rxa6 39. Rc3 g5 1/2-1/2

[Event "Rhein Main op-B 22nd"]
[Site "Bad Homburg"]
[Date "2019.06.22"]
[Round "6"]
[White "Ross, Norbert"]
[Black "Bjoerknes, Uwe"]
[Result "0-1"]
[WhiteElo "1653"]
[BlackElo "1796"]
[PlyCount "96"]
[EventDate "2019.06.19"]
[EventType "swiss"]
[EventRounds "7"]
[EventCountry "GER"]
[SourceTitle "EXT 2020"]
[Source "ChessBase"]
[SourceDate "2019.10.17"]
[SourceVersion "1"]
[SourceVersionDate "2019.10.17"]
[SourceQuality "1"]

1. d4 Nf6 2. c4 g6 3. Nc3 d5 4. Nf3 Bg7 5. Qb3 c6 6. cxd5 cxd5 7. Bg5 e6 8. e3 0-0 9. Be2 h6 10. Bh4 Nc6 11. Ne5 Qa5 12. 0-0 Ne4 13. Nxc6 bxc6 14. Nxe4 dxe4 15. Be7 Re8 16. Bc5 e5 17. Qc3 Qc7 18. Rac1 Be6 19. Bc4 Bd5 20. Bxd5 cxd5 21. Qd2 Qb7 22. b4 Rab8 23. Bd6 Rbd8 24. Bc5 Rd7 25. Rc2 Rb8 26. Rfc1 exd4 27. Bxd4 Qxb4 28. Rc8+ Kh7 29. Qc2 Bxd4 30. exd4 Rbb7 31. h3 Qxd4 32. Qc6 Qb6 33. Qc3 d4 34. Qa3 Qd6 35. Qa4 Rb4 36. Qa5 d3 37. R8c6 Qd4 38. Rc7 Rb2 39. Rf1 d2 40. Rxd7 Qxd7 41. Rd1 Rc2 42. Kh2 Qd6+ 43. g3 Qd4 44. Kg2 e3 45. fxe3 Qxe3 46. Qd5 Qe2+ 47. Kg1 Qxd1+ 48. Kg2 Qe2+ 0-1

[Event "Rhein Main op-B 22nd"]
[Site "Bad Homburg"]
[Date "2019.06.20"]
[Round "2"]
[White "Muehlpfordt, Werner"]
[Black "Bjoerknes, Uwe"]
[Result "1/2-1/2"]
[WhiteElo "1973"]
[BlackElo "1796"]
[PlyCount "33"]
[EventDate "2019.06.19"]
[EventType "swiss"]
[EventRounds "7"]
[EventCountry "GER"]
[SourceTitle "EXT 2020"]
[Source "ChessBase"]
[SourceDate "2019.10.17"]
[SourceVersion "1"]
[SourceVersionDate "2019.10.17"]
[SourceQuality "1"]

1. e4 e6 2. b3 d5 3. Bb2 c5 4. exd5 Qxd5 5. Nf3 Nf6 6. Nc3 Qd8 7. Bb5+ Nbd7 8. d4 a6 9. Be2 Be7 10. 0-0 0-0 11. Qd3 Qc7 12. d5 Nb6 13. dxe6 Bxe6 14. Ng5 Bd7 15. Bf3 h6 16. Nge4 Ng4 17. Bxg4 1/2-1/2

[Event "Rhein Main op-B 22nd"]
[Site "Bad Homburg"]
[Date "2019.06.19"]
[Round "1"]
[White "Bjoerknes, Uwe"]
[Black "Tobias, Christian"]
[Result "1-0"]
[WhiteElo "1796"]
[BlackElo "1372"]
[PlyCount "39"]
[EventDate "2019.06.19"]
[EventType "swiss"]
[EventRounds "7"]
[EventCountry "GER"]
[SourceTitle "EXT 2020"]
[Source "ChessBase"]
[SourceDate "2019.10.17"]
[SourceVersion "1"]
[SourceVersionDate "2019.10.17"]
[SourceQuality "1"]

1. Nf3 d5 2. c4 Nf6 3. cxd5 Nxd5 4. d4 Bf5 5. Qb3 Nb6 6. Nc3 e6 7. e4 Bg6 8. a4 Nc6 9. Be3 Qd7 10. a5 Nc8 11. Bb5 Nd6 12. Ne5 Qd8 13. Nxc6 bxc6 14. Bxc6+ Ke7 15. e5 Rb8 16. exd6+ cxd6 17. Qa3 Qc8 18. d5 Kd8 19. 0-0 e5 20. Bxa7 1-0

[Event "Hofheim Spring op-B 7th"]
[Site "Hofheim"]
[Date "2019.04.25"]
[Round "5"]
[White "Stock, Juergen"]
[Black "Bjoerknes, Uwe"]
[Result "1-0"]
[WhiteElo "1921"]
[BlackElo "1787"]
[PlyCount "57"]
[EventDate "2019.04.23"]
[EventType "swiss"]
[EventRounds "9"]
[EventCountry "GER"]
[SourceTitle "CBM 190 Extra"]
[Source "ChessBase"]
[SourceDate "2019.07.15"]
[SourceVersion "1"]
[SourceVersionDate "2019.07.15"]
[SourceQuality "1"]

1. d4 Nf6 2. c3 g6 3. Bg5 Bg7 4. Nd2 d5 5. e3 h6 6. Bxf6 exf6 7. Bd3 0-0 8. h4 f5 9. Qf3 h5 10. Qg3 Nd7 11. Nh3 c5 12. 0-0 cxd4 13. exd4 Nf6 14. f3 Qb6 15. Rab1 Re8 16. Nb3 Re3 17. Nc5 Nd7 18. Qg5 f4 19. Qxf4 Nxc5 20. Qxe3 Nxd3 21. Qxd3 Bf5 22. Qd2 Bxb1 23. Rxb1 Re8 24. Nf2 Qa6 25. a3 Re2 26. Qd3 Qxd3 27. Nxd3 Rd2 28. Nb4 Bf6 29. g3 1-0

[Event "Heusenstamm Sparkassen op-B 5th"]
[Site "Heusenstamm"]
[Date "2018.11.24"]
[Round "4"]
[White "Bjoerknes, Uwe"]
[Black "Hoppstaedter, Daniel"]
[Result "1-0"]
[WhiteElo "1740"]
[BlackElo "1274"]
[PlyCount "61"]
[EventDate "2018.11.22"]
[EventType "swiss"]
[EventRounds "7"]
[EventCountry "GER"]
[SourceTitle "CBM 187 Extra"]
[Source "ChessBase"]
[SourceDate "2018.11.04"]
[SourceVersion "1"]
[SourceVersionDate "2018.11.04"]
[SourceQuality "1"]

1. e4 e6 2. c4 Nc6 3. d4 Nf6 4. e5 Ng8 5. Nf3 d5 6. Nc3 Bb4 7. Bg5 f6 8. exf6 Nxf6 9. Bd3 Bd7 10. 0-0 Bxc3 11. bxc3 Qe7 12. cxd5 exd5 13. Re1 Be6 14. c4 Qd7 15. Bf5 Nd8 16. Ne5 Qd6 17. Bxf6 gxf6 18. Qh5+ Ke7 19. Ng6+ hxg6 20. Qxh8 gxf5 21. Re2 Rb8 22. Rae1 c6 23. c5 Qd7 24. Rxe6+ Nxe6 25. Qxb8 Kf7 26. Qh8 Ng7 27. h4 Kg6 28. Qf8 Qf7 29. Qd6 Ne8 30. Qd8 Ng7 31. Re7 1-0

[Event "Eschborn op"]
[Site "Eschborn"]
[Date "2018.10.07"]
[Round "5"]
[White "Bjoerknes, Uwe"]
[Black "Sever, Mustafa Batuhan"]
[Result "0-1"]
[WhiteElo "1595"]
[BlackElo "2014"]
[PlyCount "125"]
[EventDate "2018.10.05"]
[EventType "swiss"]
[EventRounds "5"]
[EventCountry "GER"]
[SourceTitle "CBM 187 Extra"]
[Source "ChessBase"]
[SourceDate "2018.11.04"]
[SourceVersion "1"]
[SourceVersionDate "2018.11.04"]
[SourceQuality "1"]

1. d4 f5 2. e4 fxe4 3. Nc3 Nf6 4. Bg5 Nc6 5. Bxf6 exf6 6. d5 Ne5 7. Nxe4 Qe7 8. Qe2 f5 9. Nc3 Nf7 10. 0-0-0 g6 11. Nf3 a6 12. Qc4 Qc5 13. Re1+ Kd8 14. h4 Qxc4 15. Bxc4 b5 16. Bb3 Bb7 17. Ng5 Nd6 18. h5 Be7 19. f4 h6 20. hxg6 b4 21. Na4 Bf6 22. Nf7+ Nxf7 23. gxf7 Rf8 24. Nc5 Bc8 25. d6 cxd6 26. Nd3 Bg7 27. Rh5 Bb7 28. Rxf5 Bxg2 29. Rg1 Be4 30. Rh5 Bd4 31. Rg8 Ke7 32. Rxh6 d5 33. Nxb4 Rxg8 34. fxg8Q Rxg8 35. Nxd5+ Kf8 36. Rh2 Rg1+ 37. Kd2 Bxb2 38. Nc3 Bc1+ 39. Ke2 Bc6 40. Kf2 Rg4 41. Nd5 Kg7 42. f5 Bb2 43. Rg2 Bd4+ 44. Kf3 Bxd5+ 45. Bxd5 Rxg2 46. Kxg2 Kf6 47. Be4 Ke5 48. Kf3 Kd6 49. Bd3 a5 50. a4 Kc5 51. Kg4 Bf6 52. Kh5 Kb4 53. Kg6 Bd4 54. f6 Kxa4 55. f7 Bc5 56. Kg7 Kb4 57. Bf5 d5 58. Be6 Kc4 59. f8Q Bxf8+ 60. Kxf8 a4 61. Bd7 a3 62. Ba4 Kc3 63. Bb3 0-1

[Event "Frankfurt-chA"]
[Site "Frankfurt"]
[Date "2018.06.18"]
[Round "7"]
[White "Bjoerknes, Uwe"]
[Black "Kiel, Gerhard"]
[Result "1/2-1/2"]
[WhiteElo "1616"]
[BlackElo "1583"]
[PlyCount "31"]
[EventDate "2018.04.30"]
[EventType "swiss"]
[EventRounds "7"]
[EventCountry "GER"]
[SourceTitle "EXT 2019"]
[Source "ChessBase"]
[SourceDate "2018.10.10"]
[SourceVersion "1"]
[SourceVersionDate "2018.10.10"]
[SourceQuality "1"]

1. f4 g6 2. f5 d6 3. fxg6 hxg6 4. e4 Bg7 5. d4 Nc6 6. c3 a6 7. Bd3 b5 8. a3 Bb7 9. Nf3 Nb8 10. Nbd2 Nd7 11. Nf1 Rc8 12. Bg5 Bh6 13. a4 c6 14. Ng3 Bg7 15. 0-0 Qb6 16. Qe2 1/2-1/2

[Event "Rhein Main op-B 21st"]
[Site "Bad Homburg"]
[Date "2018.06.02"]
[Round "6"]
[White "Bjoerknes, Uwe"]
[Black "Modric, Vladimir"]
[Result "1/2-1/2"]
[WhiteElo "1714"]
[BlackElo "1869"]
[PlyCount "53"]
[EventDate "2018.05.30"]
[EventType "swiss"]
[EventRounds "7"]
[EventCountry "GER"]
[SourceTitle "EXT 2019"]
[Source "ChessBase"]
[SourceDate "2018.10.10"]
[SourceVersion "1"]
[SourceVersionDate "2018.10.10"]
[SourceQuality "1"]

1. d4 Nf6 2. c4 g6 3. Nc3 d5 4. cxd5 Nxd5 5. e4 Nxc3 6. bxc3 Bg7 7. Nf3 c5 8. Be2 Nc6 9. Be3 Bg4 10. 0-0 Bxf3 11. Bxf3 cxd4 12. cxd4 Nxd4 13. Bxd4 Bxd4 14. Qa4+ Kf8 15. Rad1 e5 16. Be2 a6 17. g3 Kg7 18. Kg2 b5 19. Qb3 Rc8 20. a4 Qb6 21. axb5 Rc3 22. Qa4 axb5 23. Qxb5 Qxb5 24. Bxb5 Rb8 25. Ba6 Rb2 26. Rd3 Rcc2 27. Rf3 1/2-1/2

[Event "Rhein Main op-B 21st"]
[Site "Bad Homburg"]
[Date "2018.05.31"]
[Round "2"]
[White "Bjoerknes, Uwe"]
[Black "Rieger, Mario"]
[Result "1/2-1/2"]
[WhiteElo "1714"]
[BlackElo "1873"]
[PlyCount "101"]
[EventDate "2018.05.30"]
[EventType "swiss"]
[EventRounds "7"]
[EventCountry "GER"]
[SourceTitle "EXT 2019"]
[Source "ChessBase"]
[SourceDate "2018.10.10"]
[SourceVersion "1"]
[SourceVersionDate "2018.10.10"]
[SourceQuality "1"]

1. c4 d6 2. Nc3 Nf6 3. g3 g6 4. Bg2 c6 5. e4 Nbd7 6. Nge2 Ne5 7. d3 Bg4 8. 0-0 Nf3+ 9. Kh1 h5 10. Qb3 Qd7 11. Ng1 Nd4 12. Qa4 h4 13. Re1 h3 14. Bf1 Nf3 15. Re3 Nd4 16. e5 dxe5 17. Rxe5 Nf3 18. Re3 Qf5 19. Ne4 Nxe4 20. dxe4 Qf6 21. Qb3 Nd4 22. Qd3 Rd8 23. f4 Nf5 24. Qxd8+ Kxd8 25. exf5 Bxf5 26. Bd2 Qd4 27. Nf3 Be4 28. Be2 Kc8 29. Rd1 Bxf3+ 30. Rxf3 Qe4 31. Re1 e6 32. Bc3 Rg8 33. Kg1 Bc5+ 34. Kf1 Rd8 35. b4 Bd4 36. Bd1 Qxf3+ 37. Bxf3 Bxc3 38. Rd1 Re8 39. b5 c5 40. Bg4 Rh8 41. Rd3 Bd4 42. Ra3 Kb8 43. Rd3 f5 44. Bf3 Re8 45. g4 e5 46. fxe5 Rxe5 47. Be2 Re3 48. gxf5 gxf5 49. Rxe3 Bxe3 50. Bd3 f4 51. Bf5 1/2-1/2

[Event "Hessen-chB"]
[Site "Frankfurt"]
[Date "2018.05.12"]
[Round "5"]
[White "Diehl, Stefan"]
[Black "Bjoerknes, Uwe"]
[Result "1-0"]
[WhiteElo "1812"]
[BlackElo "1734"]
[PlyCount "53"]
[EventDate "2018.05.10"]
[EventType "swiss"]
[EventRounds "7"]
[EventCountry "GER"]
[SourceTitle "EXT 2019"]
[Source "ChessBase"]
[SourceDate "2018.10.10"]
[SourceVersion "1"]
[SourceVersionDate "2018.10.10"]
[SourceQuality "1"]

1. f4 Nf6 2. Nf3 d5 3. e3 c5 4. b3 Nc6 5. Bb2 Bg4 6. Bb5 e6 7. 0-0 Rc8 8. Qe1 Bxf3 9. Rxf3 a6 10. Bxc6+ Rxc6 11. d3 c4 12. bxc4 dxc4 13. Bd4 Be7 14. Nd2 cxd3 15. cxd3 Bb4 16. Qd1 Qc8 17. Bxf6 gxf6 18. Ne4 f5 19. Ng3 h5 20. Ne2 b5 21. Rc1 Ke7 22. Rxc6 Qxc6 23. Qc1 Qd7 24. Qb2 Qxd3 25. Qxb4+ Ke8 26. Qd4 Qxe2 27. Qxh8+ 1-0

[Event "Hessen-chB"]
[Site "Frankfurt"]
[Date "2018.05.11"]
[Round "4"]
[White "Bergmann, Michael"]
[Black "Bjoerknes, Uwe"]
[Result "1/2-1/2"]
[WhiteElo "1847"]
[BlackElo "1734"]
[PlyCount "43"]
[EventDate "2018.05.10"]
[EventType "swiss"]
[EventRounds "7"]
[EventCountry "GER"]
[SourceTitle "EXT 2019"]
[Source "ChessBase"]
[SourceDate "2018.10.10"]
[SourceVersion "1"]
[SourceVersionDate "2018.10.10"]
[SourceQuality "1"]

1. e4 e6 2. d4 c5 3. d5 exd5 4. exd5 d6 5. c4 Nf6 6. Nf3 Be7 7. Bd3 0-0 8. 0-0 Bg4 9. Nbd2 Nbd7 10. Qc2 Re8 11. b3 Nf8 12. Re1 b5 13. h3 bxc4 14. bxc4 Bh5 15. Rb1 N6d7 16. Bb2 Bf6 17. Rxe8 Qxe8 18. Re1 Qd8 19. g4 Bxb2 20. Qxb2 Bg6 21. Qc2 Rb8 22. Rb1 1/2-1/2

[Event "Hessen-chB"]
[Site "Frankfurt"]
[Date "2018.05.11"]
[Round "3"]
[White "Bjoerknes, Uwe"]
[Black "Zalewski, Ulrich"]
[Result "1/2-1/2"]
[WhiteElo "1734"]
[BlackElo "1788"]
[PlyCount "99"]
[EventDate "2018.05.10"]
[EventType "swiss"]
[EventRounds "7"]
[EventCountry "GER"]
[SourceTitle "EXT 2019"]
[Source "ChessBase"]
[SourceDate "2018.10.10"]
[SourceVersion "1"]
[SourceVersionDate "2018.10.10"]
[SourceQuality "1"]

1. d4 d5 2. c4 e6 3. g3 f5 4. Bg2 c6 5. Nh3 Nf6 6. Bg5 Be7 7. 0-0 0-0 8. Nd2 Ne4 9. Bxe7 Qxe7 10. Rc1 Nd7 11. a3 Ndf6 12. f3 Nxd2 13. Qxd2 Bd7 14. Qf4 Rae8 15. Qe5 Bc8 16. b4 Nd7 17. Qc7 Nb6 18. Qxe7 Rxe7 19. c5 Nc4 20. Rc3 e5 21. dxe5 Rxe5 22. Kf2 Rfe8 23. Re1 Re3 24. Rxe3 Nxe3 25. Nf4 Nc2 26. Rd1 Nxa3 27. e4 fxe4 28. fxe4 dxe4 29. Bf1 a6 30. Rc1 e3+ 31. Kf3 Nb5 32. Bxb5 cxb5 33. Re1 g5 34. Nd5 Kg7 35. Nxe3 Kg6 36. Rd1 Rf8+ 37. Ke2 Rf7 38. Rd6+ Kg7 39. Rd5 h6 40. Re5 Bd7 41. h4 gxh4 42. gxh4 Kf6 43. Rh5 Kg6 44. Rd5 Bc6 45. h5+ Kh7 46. Rf5 Rxf5 47. Nxf5 Be8 48. Nd6 Bc6 49. Ke3 Kg7 50. Nf5+ 1/2-1/2